logo

Bir Sreshtho Munshi Abdur Rouf Library
Jhenaidah Cadet College

কোরানসূত্র / (Record no. 1005)

MARC details
000 -LEADER
fixed length control field 00731nam a2200229 a 4500
001 - CONTROL NUMBER
JCCL Control Number 1005
003 - CONTROL NUMBER IDENTIFIER
JCCL marc code BD-JhCC
005 - DATE AND TIME OF LATEST TRANSACTION
control field 20211118134021.0
008 - FIXED-LENGTH DATA ELEMENTS--GENERAL INFORMATION
fixed length control field 171012s1984 bg |||| ||a| 000 0 ben d
020 ## - INTERNATIONAL STANDARD BOOK NUMBER
International Standard Book Number 9840754297
035 ## - SYSTEM CONTROL NUMBER
system control number (BD-JhCC)1005
040 ## - CATALOGING SOURCE
Original cataloging agency BD-JhCC
Modifying agency BD-JhCC
041 ## - LANGUAGE CODE
Language code of Book ben
082 ## - DEWEY DECIMAL CLASSIFICATION NUMBER
DDC Edition number 22
Classification number 297.122
Author mark and Year RHM 1984
100 ## - MAIN ENTRY--PERSONAL NAME
Personal name রহমান, মুহাম্মদ হাবিবুর
245 ## - TITLE STATEMENT
Title কোরানসূত্র /
Statement of responsibility, etc মুহাম্মদ হাবিবুর রহমান
260 ## - PUBLICATION, DISTRIBUTION, ETC. (IMPRINT)
Place of publication, distribution, etc ঢাকা :
Name of publisher, distributor, etc বাংলা একাডেমি প্রকাশনী,
Date of publication, distribution, etc ১৯৮৪.
300 ## - PHYSICAL DESCRIPTION
Pagination 683 p.:
Dimensions 21 cm.
650 ## - SUBJECT ADDED ENTRY--TOPICAL TERM
Topical term or geographic name as entry element AL Qur'an
942 ## - ADDED ENTRY ELEMENTS (KOHA)
Source of classification or shelving scheme Dewey Decimal Classification
Koha item type Books
Koha issues (borrowed), all copies 3
Holdings
Source of classification or shelving scheme Damaged status Not for loan Home library Current library Shelving location Date of accession Cost, normal purchase price Total Checkouts Full call number Barcode Date last seen Date checked out Copy number Koha item type
Dewey Decimal Classification     JCC Rouf Library JCC Rouf Library General Stacks 10/12/2017 350.00 3 297.122 RHM 1984 1651 06/17/2025 07/27/2023 C-1 Books

JCC Library | Contacts | JCC Home

Last Update on 23 September 2017
Copyright @ 2017-2020 JCC Rouf Library
Rouf Library, Jhenidah Cadet College (JCC), Bangladesh